| 000 | 004920000a22001810004500 | ||
|---|---|---|---|
| 041 | 0 | _aENG | |
| 082 | 0 | 4 | _aG 232.955 T792n |
| 100 | 1 | _aTrench, Richard Chenevix (1807-1886) | |
| 245 | 1 | 0 | _aNotes on the miracles of our Lord / R. C. Trench |
| 260 | _aGrand Rapids, MI., USA : Book | ||
| 300 | _a298 Pag | ||
| 650 | 1 | 4 | _aJESUCRISTO - MILAGROS |
| 001 | 3975 | ||
| 942 | _cBK | ||
| 999 |
_c34596 _d34596 |
||
| 336 |
_atexto _btxt _2rdacontent |
||
| 337 |
_2rdamedia _asin mediación _bn |
||
| 338 |
_2rdacarrier _avolumen _bnc |
||